<?xml version="1.0" encoding="UTF-8"?>
<record
    xmlns:xsi="http://www.w3.org/2001/XMLSchema-instance"
    xsi:schemaLocation="http://www.loc.gov/MARC21/slim http://www.loc.gov/standards/marcxml/schema/MARC21slim.xsd"
    xmlns="http://www.loc.gov/MARC21/slim">

  <leader>01153nam0a22002891  4500</leader>
  <controlfield tag="001">rc\1162608</controlfield>
  <controlfield tag="005">20250622203835.0</controlfield>
  <datafield tag="035" ind1=" " ind2=" ">
    <subfield code="a">(NLR Aleph) 006406650</subfield>
  </datafield>
  <datafield tag="090" ind1=" " ind2=" ">
    <subfield code="a">5302326</subfield>
    <subfield code="c">5302326</subfield>
  </datafield>
  <datafield tag="100" ind1=" " ind2=" ">
    <subfield code="a">20041129d1980    |||y0rusy50      ca</subfield>
  </datafield>
  <datafield tag="101" ind1="0" ind2=" ">
    <subfield code="a">rus</subfield>
  </datafield>
  <datafield tag="102" ind1=" " ind2=" ">
    <subfield code="a">RU</subfield>
  </datafield>
  <datafield tag="105" ind1=" " ind2=" ">
    <subfield code="a">a   |||||||||</subfield>
  </datafield>
  <datafield tag="200" ind1="1" ind2=" ">
    <subfield code="a">&#x41E;&#x440;&#x43E;&#x433;&#x435;&#x43D;&#x43D;&#x44B;&#x435; &#x43E;&#x442;&#x43B;&#x43E;&#x436;&#x435;&#x43D;&#x438;&#x44F; - &#x43D;&#x43E;&#x432;&#x44B;&#x439; &#x43D;&#x435;&#x444;&#x442;&#x435;&#x433;&#x430;&#x437;&#x43E;&#x43D;&#x43E;&#x441;&#x43D;&#x44B;&#x439; &#x43A;&#x43E;&#x43C;&#x43F;&#x43B;&#x435;&#x43A;&#x441; &#x43C;&#x435;&#x436;&#x433;&#x43E;&#x440;&#x43D;&#x44B;&#x445; &#x432;&#x43F;&#x430;&#x434;&#x438;&#x43D; &#x417;&#x430;&#x43F;&#x430;&#x434;&#x43D;&#x43E;&#x433;&#x43E; &#x422;&#x44F;&#x43D;&#x44C;-&#x428;&#x430;&#x43D;&#x44F;</subfield>
    <subfield code="f">[&#x41C;.&#x421;. &#x421;&#x430;&#x439;&#x434;&#x430;&#x43B;&#x438;&#x435;&#x432;&#x430;, &#x425;.&#x410;. &#x410;&#x445;&#x43C;&#x435;&#x434;&#x43E;&#x432;, &#x410;.&#x41C;. &#x413;&#x430;&#x437;&#x438;&#x435;&#x432;]</subfield>
  </datafield>
  <datafield tag="210" ind1=" " ind2=" ">
    <subfield code="a">&#x422;&#x430;&#x448;&#x43A;&#x435;&#x43D;&#x442;</subfield>
    <subfield code="c">&#x424;&#x430;&#x43D;</subfield>
    <subfield code="d">1980</subfield>
  </datafield>
  <datafield tag="215" ind1=" " ind2=" ">
    <subfield code="a">112 &#x441;.</subfield>
    <subfield code="c">&#x438;&#x43B;.</subfield>
    <subfield code="d">21</subfield>
  </datafield>
  <datafield tag="300" ind1=" " ind2=" ">
    <subfield code="a">&#x410;&#x432;&#x442;. &#x443;&#x43A;&#x430;&#x437;&#x430;&#x43D;&#x44B; &#x43D;&#x430; &#x43E;&#x431;&#x43B;.</subfield>
  </datafield>
  <datafield tag="300" ind1=" " ind2=" ">
    <subfield code="a">&#x412; &#x43D;&#x430;&#x434;&#x437;&#x430;&#x433;.: &#x424;&#x435;&#x440;&#x433;&#x430;&#x43D;. &#x43F;&#x43E;&#x43B;&#x438;&#x442;&#x435;&#x445;&#x43D;. &#x438;&#x43D;-&#x442;</subfield>
  </datafield>
  <datafield tag="320" ind1=" " ind2=" ">
    <subfield code="a">&#x411;&#x438;&#x431;&#x43B;&#x438;&#x43E;&#x433;&#x440;.: &#x441;. 106-112</subfield>
  </datafield>
  <datafield tag="700" ind1=" " ind2="1">
    <subfield code="a">&#x421;&#x430;&#x439;&#x434;&#x430;&#x43B;&#x438;&#x435;&#x432;&#x430;</subfield>
    <subfield code="b">&#x41C;.&#x421;.</subfield>
    <subfield code="g">&#x41C;&#x430;&#x445;&#x444;&#x443;&#x437;&#x430; &#x421;&#x443;&#x43B;&#x442;&#x430;&#x43D;&#x43E;&#x432;&#x43D;&#x430;</subfield>
  </datafield>
  <datafield tag="701" ind1=" " ind2="1">
    <subfield code="a">&#x410;&#x445;&#x43C;&#x435;&#x434;&#x43E;&#x432;</subfield>
    <subfield code="b">&#x425;.&#x410;.</subfield>
    <subfield code="g">&#x425;&#x430;&#x431;&#x438;&#x431;&#x443;&#x43B;&#x43B;&#x430; &#x410;&#x445;&#x43C;&#x435;&#x434;&#x43E;&#x432;&#x438;&#x447;</subfield>
  </datafield>
  <datafield tag="701" ind1=" " ind2="1">
    <subfield code="a">&#x413;&#x430;&#x437;&#x438;&#x435;&#x432;</subfield>
    <subfield code="b">&#x410;.&#x41C;.</subfield>
    <subfield code="g">&#x410;&#x43B;&#x438;&#x448;&#x435;&#x440; &#x41C;&#x430;&#x442;&#x43B;&#x430;&#x43F;&#x43E;&#x432;&#x438;&#x447;</subfield>
  </datafield>
  <datafield tag="801" ind1=" " ind2="0">
    <subfield code="a">RU</subfield>
    <subfield code="b">NLR</subfield>
    <subfield code="g">psbo</subfield>
  </datafield>
  <datafield tag="801" ind1=" " ind2="1">
    <subfield code="a">RU</subfield>
    <subfield code="b">ELAR</subfield>
    <subfield code="2">rusmarc</subfield>
  </datafield>
  <datafield tag="852" ind1=" " ind2=" ">
    <subfield code="a">NLR</subfield>
    <subfield code="j">80-5/3690</subfield>
  </datafield>
  <datafield tag="942" ind1=" " ind2=" ">
    <subfield code="c">BOOK</subfield>
  </datafield>
  <datafield tag="980" ind1=" " ind2=" ">
    <subfield code="a">NB</subfield>
  </datafield>
  <datafield tag="995" ind1=" " ind2=" ">
    <subfield code="5">2013-10-26</subfield>
    <subfield code="b">NLR01</subfield>
    <subfield code="c">NLR01</subfield>
    <subfield code="e">RF9</subfield>
    <subfield code="f">6406650-10</subfield>
    <subfield code="k">80-5/3690</subfield>
    <subfield code="o">0</subfield>
    <subfield code="r">BOOK</subfield>
    <subfield code="s">8053690_</subfield>
  </datafield>
</record>
